| 000 | 00645cam a2200205 a 4500 | ||
|---|---|---|---|
| 999 |
_c57516 _d57516 |
||
| 001 | 14601018 | ||
| 005 | 20221012103338.0 | ||
| 008 | 061019s2008 mnuab b 001 0 eng | ||
| 020 | _a9780822571438 | ||
| 041 | _aeng | ||
| 080 | _a327.2(5.011)+94(5-011) K-75 | ||
| 100 | 1 |
_aKort, Michael, _d1944- _98942 |
|
| 245 | 1 | 4 |
_aThe handbook of the Middle East / _cby Michael G. Kort. |
| 264 |
_aMinneapolis : _bTwenty-First Century Books, _c2008. |
||
| 300 |
_a320 p. : _bill., maps ; _c27 cm. |
||
| 653 | _aშუა აღმოსავლეთი | ||
| 653 | _aპოლიტიკა | ||
| 653 | _aისტორია | ||
| 942 |
_2udc _cBK |
||